<?xml version="1.0" encoding="UTF-8"?>
<record
    xmlns:xsi="http://www.w3.org/2001/XMLSchema-instance"
    xsi:schemaLocation="http://www.loc.gov/MARC21/slim http://www.loc.gov/standards/marcxml/schema/MARC21slim.xsd"
    xmlns="http://www.loc.gov/MARC21/slim">

  <leader>01146nam a2200337Ia 4500</leader>
  <controlfield tag="001">031750</controlfield>
  <controlfield tag="008">221003m2012    xx            000 0 spa d</controlfield>
  <datafield tag="035" ind1=" " ind2=" ">
    <subfield code="a">CENDO_22541</subfield>
  </datafield>
  <datafield tag="041" ind1=" " ind2=" ">
    <subfield code="a">spa</subfield>
  </datafield>
  <datafield tag="245" ind1=" " ind2="0">
    <subfield code="a">CCOO recurrir&#xE1; el decreto que impide la cotizaci&#xF3;n de los becarios universitarios en pr&#xE1;cticas externas</subfield>
  </datafield>
  <datafield tag="260" ind1=" " ind2=" ">
    <subfield code="a">Madrid :</subfield>
    <subfield code="b">Federaci&#xF3;n de Ense&#xF1;anza de CCOO,</subfield>
    <subfield code="c">2012</subfield>
  </datafield>
  <datafield tag="300" ind1=" " ind2=" ">
    <subfield code="a">1 p.  ;</subfield>
    <subfield code="c"> 30 cm</subfield>
  </datafield>
  <datafield tag="500" ind1=" " ind2=" ">
    <subfield code="a">En: T.E. : Trabajadores/as de la Ense&#xF1;anza, n. 329 (enero 2012), p. 7</subfield>
  </datafield>
  <datafield tag="650" ind1=" " ind2=" ">
    <subfield code="a">SEGURIDAD SOCIAL</subfield>
    <subfield code="9">16</subfield>
  </datafield>
  <datafield tag="650" ind1=" " ind2=" ">
    <subfield code="a">COTIZACIONES</subfield>
    <subfield code="9">76</subfield>
  </datafield>
  <datafield tag="650" ind1=" " ind2=" ">
    <subfield code="a">BECA</subfield>
    <subfield code="9">4200</subfield>
  </datafield>
  <datafield tag="650" ind1=" " ind2="0">
    <subfield code="a">ACTITUD SINDICAL</subfield>
    <subfield code="9">61</subfield>
  </datafield>
  <datafield tag="650" ind1=" " ind2=" ">
    <subfield code="a">SISTEMA EDUCATIVO</subfield>
    <subfield code="9">915</subfield>
  </datafield>
  <datafield tag="650" ind1=" " ind2=" ">
    <subfield code="a">LEGISLACION</subfield>
    <subfield code="9">111</subfield>
  </datafield>
  <datafield tag="650" ind1=" " ind2=" ">
    <subfield code="a">ENSE&#xD1;ANZA UNIVERSITARIA</subfield>
    <subfield code="9">14166</subfield>
  </datafield>
  <datafield tag="710" ind1="2" ind2=" ">
    <subfield code="a">CCOO</subfield>
    <subfield code="b">Federaci&#xF3;n de Ense&#xF1;anza</subfield>
    <subfield code="9">4674</subfield>
  </datafield>
  <datafield tag="856" ind1=" " ind2=" ">
    <subfield code="z">PDF</subfield>
    <subfield code="u">http://docpublicos.ccoo.es/cendoc/031750CCOORecurriraDecreto.pdf</subfield>
  </datafield>
  <datafield tag="901" ind1=" " ind2=" ">
    <subfield code="a">0</subfield>
  </datafield>
  <datafield tag="903" ind1=" " ind2=" ">
    <subfield code="a">NO</subfield>
  </datafield>
  <datafield tag="904" ind1=" " ind2=" ">
    <subfield code="a">000</subfield>
  </datafield>
  <datafield tag="907" ind1=" " ind2=" ">
    <subfield code="a">Seguridad Social</subfield>
  </datafield>
  <datafield tag="953" ind1=" " ind2=" ">
    <subfield code="d">2012-02-07</subfield>
    <subfield code="y">DOCU_ELEC</subfield>
    <subfield code="h">T.E. : Trabajadores/as de la Ense&#xF1;anza, n. 329 (enero 2012), p. 7</subfield>
    <subfield code="t">PS07</subfield>
  </datafield>
  <datafield tag="999" ind1=" " ind2=" ">
    <subfield code="c">22540</subfield>
    <subfield code="d">22540</subfield>
  </datafield>
  <datafield tag="910" ind1=" " ind2=" ">
    <subfield code="a">2012</subfield>
  </datafield>
  <datafield tag="942" ind1=" " ind2=" ">
    <subfield code="c">DOCU_ELEC</subfield>
  </datafield>
  <datafield tag="952" ind1=" " ind2=" ">
    <subfield code="0">0</subfield>
    <subfield code="1">0</subfield>
    <subfield code="4">0</subfield>
    <subfield code="7">0</subfield>
    <subfield code="a">CENDO</subfield>
    <subfield code="b">CENDO</subfield>
    <subfield code="d">2012-02-07</subfield>
    <subfield code="h">T.E. : Trabajadores/as de la Ense&#xF1;anza, n. 329 (enero 2012), p. 7</subfield>
    <subfield code="l">0</subfield>
    <subfield code="p">CENDO_22541</subfield>
    <subfield code="r">2022-10-05 00:00:00</subfield>
    <subfield code="t">PS07</subfield>
    <subfield code="w">2022-10-05</subfield>
    <subfield code="y">DOCU_ELEC</subfield>
  </datafield>
</record>
